Programming computer vision with Python (Record no. 330552)

000 -LEADER
fixed length control field 01224cam a22003497a 4500
001 - CONTROL NUMBER
control field 17458938
003 - CONTROL NUMBER IDENTIFIER
control field NUST
005 - DATE AND TIME OF LATEST TRANSACTION
control field 20170719170323.0
008 - FIXED-LENGTH DATA ELEMENTS--GENERAL INFORMATION
fixed length control field 120911s2012 caua b 001 0 eng d
010 ## - LIBRARY OF CONGRESS CONTROL NUMBER
LC control number 2012405952
016 7# - NATIONAL BIBLIOGRAPHIC AGENCY CONTROL NUMBER
Record control number 016039579
Source Uk
020 ## - INTERNATIONAL STANDARD BOOK NUMBER
International Standard Book Number 9781449316549 (pbk.)
020 ## - INTERNATIONAL STANDARD BOOK NUMBER
International Standard Book Number 1449316549 (pbk.)
035 ## - SYSTEM CONTROL NUMBER
System control number (OCoLC)ocn773668236
040 ## - CATALOGING SOURCE
Original cataloging agency BTCTA
Language of cataloging eng
Transcribing agency BTCTA
Modifying agency UKMGB
-- BDX
-- SINLB
-- YDXCP
-- BWX
-- DEBBG
-- CDX
-- OCLCO
-- DLC
042 ## - AUTHENTICATION CODE
Authentication code lccopycat
050 00 - LIBRARY OF CONGRESS CALL NUMBER
Classification number TA1634
Item number .S715 2012
082 04 - DEWEY DECIMAL CLASSIFICATION NUMBER
Classification number 005.37 SOL
Edition number 23
084 ## - OTHER CLASSIFICATION NUMBER
Classification number DAT 366f
Number source stub
084 ## - OTHER CLASSIFICATION NUMBER
Classification number DAT 760f
Number source stub
100 1# - MAIN ENTRY--PERSONAL NAME
Personal name Solem, Jan Erik.
9 (RLIN) 3463
245 10 - TITLE STATEMENT
Title Programming computer vision with Python
Statement of responsibility, etc. Jan Erik Solem.
246 0# - VARYING FORM OF TITLE
Display text Subtitle on cover:
Title proper/short title Tools and algorithms for analyzing images
250 ## - EDITION STATEMENT
Edition statement 1st ed.
260 ## - PUBLICATION, DISTRIBUTION, ETC.
Place of publication, distribution, etc. Sebastopol, CA :
Name of publisher, distributor, etc. O'Reilly,
Date of publication, distribution, etc. 2012.
300 ## - PHYSICAL DESCRIPTION
Extent xii, 247 p. :
Other physical details ill. ;
Dimensions 24 cm.
504 ## - BIBLIOGRAPHY, ETC. NOTE
Bibliography, etc. note Includes bibliographical references (p. 239-241) and index.
650 #0 - SUBJECT ADDED ENTRY--TOPICAL TERM
Topical term or geographic name entry element Computer vision.
9 (RLIN) 2862
650 #0 - SUBJECT ADDED ENTRY--TOPICAL TERM
Topical term or geographic name entry element Python (Computer program language)
9 (RLIN) 3211
650 #0 - SUBJECT ADDED ENTRY--TOPICAL TERM
Topical term or geographic name entry element Computer algorithms.
9 (RLIN) 3009
906 ## - LOCAL DATA ELEMENT F, LDF (RLIN)
a 7
b cbc
c copycat
d 2
e ncip
f 20
g y-gencatlg
942 ## - ADDED ENTRY ELEMENTS (KOHA)
Source of classification or shelving scheme
Koha item type Book
Holdings
Withdrawn status Lost status Source of classification or shelving scheme Damaged status Not for loan Collection code Permanent Location Current Location Shelving location Date acquired Source of acquisition Total Checkouts Total Renewals Full call number Barcode Date last seen Date last checked out Price effective from Koha item type Checked out
            Central Library (CL) Central Library (CL) First Floor - Software Engineering/ Programming Language 07/19/2017 Progressive International Agencies 7 1 005.37 SOL SEECS013750 01/28/2025 05/15/2024 07/19/2017 Book  
            Central Library (CL) Central Library (CL) First Floor - Software Engineering/ Programming Language 07/19/2017 Progressive International Agencies 4 3 005.37 SOL SEECS013751 01/28/2025 01/28/2025 07/19/2017 Book 05/23/2025
            Central Library (CL) Central Library (CL) First Floor - Software Engineering/ Programming Language 07/19/2017 Progressive International Agencies 2   005.37 SOL SEECS013752 11/12/2024 11/12/2024 07/19/2017 Book 12/12/2024
            Central Library (CL) Central Library (CL) First Floor - Software Engineering/ Programming Language 07/19/2017 Progressive International Agencies 7 4 005.37 SOL SEECS013753 10/21/2022 09/06/2022 07/19/2017 Book  
© 2023 Central Library, National University of Sciences and Technology. All Rights Reserved.